Movies Quiz

Random Movies or Letter Quiz

Last 25 Years: 'C' Movies Quiz Stats

 Plays Quiz Updated Jan 1, 2019

Challenge
Share
Tweet
Score 0/25 Timer 08:00
7 Plays Today
% Correct
Captain America: The Winter Soldier
94.9%
Cast Away
92.5%
The Cabin in the Woods
79.7%
Cloudy with a Chance of Meatballs
79.2%
Captain Phillips
79.1%
Crazy Rich Asians
74.6%
Creed
74.5%
Casino
73.7%
The Cable Guy
71.6%
The Curious Case of Benjamin Button
70.7%
Capote
67.7%
Clerks.
52.2%
Cruel Intentions
49.2%
% Correct
Chicago
49.1%
Clash of the Titans
45.5%
Collateral
45.3%
Crazy, Stupid, Love.
44.2%
City of Angels
40.4%
Cold Mountain
39.7%
Charlie Wilson's War
39.5%
Children of Men
37.2%
Captain Fantastic
34.5%
Captain Corelli's Mandolin
33.7%
Chasing Amy
31.9%
Coco
19.8%

You're not logged in!

Compare scores with friends on all Sporcle quizzes.
OR
Log In

You Might Also Like...

Show Comments

Extras

Top Quizzes Today


Score Distribution

Your Account Isn't Verified!

In order to create a playlist on Sporcle, you need to verify the email address you used during registration. Go to your Sporcle Settings to finish the process.

Report this User

Report this user for behavior that violates our Community Guidelines.

Details: